000 00588nam a2200205 4500
003 OSt
005 20240729041502.0
006 a
008 240729b |||||||| |||| 00| 0 eng d
020 _a0821827316
040 _aDWCL-Main lib.
_cOC
082 _aRes. 511.322 V492b 2002
100 _aVereshchagin, N. K.
245 _aBasic set theory /
260 _aUSA :
_bAmerican Mathematical Society,
_cc2002.
300 _aviii,
_b116 p. : ill. ;
_c22 cm.
504 _aIncludes bibliographical references and index.
650 _a1. Set theory.
942 _2ddc
_n0
_cBK-0 CIRC
_kRes.
999 _c2891
_d2891